000 00435nam a2200181Ia 4500
001 14174
005 20260306164855.0
008 260306t2010||||xx |||||||||||||| ||spa||
041 _aESP
082 _a510
_bG96
100 _aGutiérrez García, Ismael
_eAUT
245 0 _aMatemáticas para informática
260 _c2010
300 _ax, 188 páginas :
_c24 cm.
650 _aGEN
654 _aCMA
942 _cLIB
_dJUS
_fJUS
_2ddc
_n
999 _c14174
_d14174